000 01010nam a2200277Ia 4500
003 OSt
005 20220923211051.0
006 a|||||r|||| 00| 0
007 ta
008 220922b |||||||| |||| 00| 0 hin d
020 _a8177111566 (hbk)
_c400
024 _a324,473
037 _b252, 13/03/2018, Shivalik Prakashan
_cTextual
040 _aARTS
_cARTS
_bhin
041 _2hin
_ahin
082 _aO152,1I80:g, Q7
100 _aशुक्ल, रामचन्द्र, ले.
_9157833
245 0 _aजायसी का मूल्यांकन
246 _aJāyasī kā mūlyāankana
260 _aजयपुर
_b साहित्यागार
_c2017
300 _a190पृ.
_ccm.
650 _a हिन्दी साहित्य
_9156264
650 _aहिन्दी कविता
942 _hO152,1I80:g, Q7
_cTEXL
_2CC
999 _c294772
_d294772